| 000 | 00765nam a22002415a 4500 | ||
|---|---|---|---|
| 005 | 20151029160428.0 | ||
| 008 | 150624r20122009ii a frb 001 0 eng d | ||
| 020 | _a9788126534159 | ||
| 040 |
_aEG-ScBUE _beng _cEG-ScBUE |
||
| 082 | 0 | 4 |
_222 _bMAD _a330.015195 |
| 100 | 1 |
_aMaddala, G. S. _938612 |
|
| 245 | 1 | 0 |
_aIntroduction to econometrics / _bG. S. Maddala, Kajal Lahiri. |
| 250 | _a4th ed., Reprint ed. | ||
| 260 |
_aNew Delhi : _bJohn Wiley & Sons, _c2012. |
||
| 300 |
_axx, 634 p. : _bill. ; _c24 cm. |
||
| 500 | _aIndex : p. 621-634. | ||
| 500 | _aReprinted of the 2009 ed. | ||
| 504 | _aIncludes bibliographical references. | ||
| 650 | 7 |
_2BUEsh _93215 _aEconometrics. |
|
| 653 |
_bBUSECO _cJune2015 _cOctober2015 |
||
| 700 | 1 | _tLahiri, Kajal | |
| 942 | _2ddc | ||
| 999 |
_c19898 _d19870 |
||